Bombacaceae neotropicae novae vel minus cognitae III (Registro nro. 12485)

Detalles MARC
000 -CABECERA
Campo de control 007700000a22002290004500
090 ## - CLASIFICACIÓN LOCAL
Colección AR
Consecutivo 03434
041 0# - IDIOMA
Código de idioma para texto/pista de sonido o título separado
100 1# - ASIENTO PRINCIPAL--NOMBRE PERSONAL
Nombre personal Fernández Alonso, José Luis
245 10 - MENCION DE TITULO
Título Bombacaceae neotropicae novae vel minus cognitae III
Version nuevas especies de Matisia y Quararibea de Colombia
650 14 - ASIENTO SECUNDARIO DE MATERIA - TERMINO TEMATICO
Término temático o nombre geográfico como elemento de entrada Botánica
650 14 - ASIENTO SECUNDARIO DE MATERIA - TERMINO TEMATICO
Término temático o nombre geográfico como elemento de entrada Nuevas especies
650 14 - ASIENTO SECUNDARIO DE MATERIA - TERMINO TEMATICO
Término temático o nombre geográfico como elemento de entrada Taxonomía vegetal
650 14 - ASIENTO SECUNDARIO DE MATERIA - TERMINO TEMATICO
Término temático o nombre geográfico como elemento de entrada Morfología vegetal
650 14 - ASIENTO SECUNDARIO DE MATERIA - TERMINO TEMATICO
Término temático o nombre geográfico como elemento de entrada Distribución geográfica
651 #4 - ASIENTO SECUNDARIO DE MATERIA - NOMBRE GEOGRAFICO
-- Colombia
653 ## - TERMINO DE INDIZACION - NO CONTROLADO
-- Matisia
-- Matisia gentryi
653 ## - TERMINO DE INDIZACION - NO CONTROLADO
-- Mantisia
-- Mantisia racemifera
653 ## - TERMINO DE INDIZACION - NO CONTROLADO
-- Quararibea
-- Quararibea cryptantha
653 ## - TERMINO DE INDIZACION - NO CONTROLADO
-- Quararibea
-- Quararibea rangelii
773 1# - Item fuente:
Título Novon
Descripción física 3
Paginas del Articulo 343-351
Lugar, editorial y fecha de publicación 2002
Información sobre la relación 12
942 ## - ELEMENTOS ADICIONALES (KOHA)
Tipo de ítem Artículo
Existencias
Withdrawn status Lost status Volumen Damaged status No para préstamo Colección Ubicación Permanente Ubicación actual Fecha de adquisición Datos de publicación Seriada Total Checkouts Número topográfico Inventario / Código de Barras Date last seen Price effective from Forma de adquisición Tipo de material
    1   No para Préstamo Hemeroteca Bogotá Bogotá 01/02/2005 Fuera de circulación   AR 03434 014569 25/03/2015 25/03/2015   Artículo